Harry Potter 1: Diagon Alley Quiz Stats

 Plays Quiz not verified by Sporcle

Score 0/24 Timer 03:00
0 Plays Today
Characters % Correct
Harry Potter
99.1%
Rubeus Hagrid
97.7%
Lord Voldemort
93.4%
Vernon Dursley
93.1%
Petunia Dursley
93%
Dudley Dursley
92.5%
Tom
91.4%
Garrick Ollivander
88.9%
Quirinus Quirrell
88.1%
Albus Dumbledore
87.5%
Madam Malkin
86.2%
Griphook
86.1%
Characters % Correct
Dedalus Diggle
83.6%
Doris Crockford
63.7%
Cornelius Fudge
59.6%
Bathilda Bagshot
56.7%
Newt Scamander
49.9%
Miranda Goshawk
47.6%
Adalbert Waffling
35.2%
Phyllida Spore
34.6%
Arsenius Jigger
33.8%
Emeric Switch
33.2%
Quentin Trimble
33.2%
Vindictus Viridian
26.1%

You're not logged in!

Compare scores with friends on all Sporcle quizzes.
Join for Free
OR
Log In

Show Comments

Extras

Top Quizzes Today


Score Distribution

Your Account Isn't Verified!

In order to create a playlist on Sporcle, you need to verify the email address you used during registration. Go to your Sporcle Settings to finish the process.

Report this User

Report this user for behavior that violates our Community Guidelines.

Details: